| 000 | 00875nam a2200265Ia 4500 | ||
|---|---|---|---|
| 003 | OSt | ||
| 005 | 20220918220400.0 | ||
| 006 | a|||||r|||| 00| 0 | ||
| 007 | ta | ||
| 008 | 220917b |||||||| |||| 00| 0 eng d | ||
| 024 | _a145,829 | ||
| 037 | _cTextual | ||
| 040 |
_aARTS _cARTS _beng |
||
| 041 |
_2eng _aeng |
||
| 082 | _aY73(P3):1, M6 | ||
| 100 |
_aDumont Louis _914303 |
||
| 245 | 0 |
_aSouth Indian subcaste _b Social organization and religion of the Pramalai Kallar tr from the French by M Moffatl and A Morton. Rev by Lous Dymant and A stern. Ed by Michael Moffatt. |
|
| 260 |
_aDelhi _bOUP _c1986 |
||
| 300 |
_axxiii 499p. _ccm. |
||
| 490 | _aFrench studies inSouth Asian cultural and society; 1 | ||
| 500 | _aAppendix p,467-80 | ||
| 650 | _aSOCIOLOGY | ||
| 942 |
_hY73(P3):1, M6 _cTEXL _2CC |
||
| 999 |
_c268597 _d268597 |
||